The new writing in the USA

Uloženo v:
Podrobná bibliografie
Hlavní autoři: Allen, Donald (Autor), Creeley, Robert (Autor)
Médium: Kniha
Jazyk:angličtina
Vydáno: Harmondsworth Penguin Books 1967
Témata:
Tagy: Přidat tag
Žádné tagy, Buďte první, kdo vytvoří štítek k tomuto záznamu!

MARC

LEADER 00000nam a2200000 a 4500
001 UCQ4797
003 CL-VaPUC
008 980910e19670000uk |||||||||||||||||eng|d
082 0 4 |a 810.8  |b ALL  |2 21 
100 0 |a Allen, Donald  |e author  |9 418983 
700 0 |a Creeley, Robert  |e author  |9 418984 
245 1 4 |a The new writing in the USA 
300 |a 331 p 
942 |c BK 
945 |d 19980910 00:00:00  |a crobeson 
260 |a Harmondsworth  |b Penguin Books  |c 1967 
650 0 |a Cuentos estadounidenses  |9 265133 
650 0 |a Novelas estadounidenses  |9 265217 
650 7 |a POESIAS ESTADOUNIDENSES  |2 CL-VaPUC  |9 418985 
650 0 |a Literatura estadounidense  |9 317168 
650 0 |a Antologías  |9 309836 
583 |a last modification  |c 20171204 02:54:50  |k Rodrigo Vera 
999 |c 275099  |d 275097 
952 |0 0  |1 0  |4 0  |6 810_800000000000000_ALL_1967  |7 0  |8 A  |9 311644  |a BIBEDU  |b BIBEDU  |d 2019-11-20  |i 1465635  |o 810.8 ALL 1967  |p 1465635  |r 2019-11-20  |w 2019-11-20  |y BK  |k LIT